Horrid Henry and the mummy's curse / (Record no. 1875)
[ view plain ]
| 000 -LEADER | |
|---|---|
| fixed length control field | 01506nam a2200289 a 4500 |
| 003 - CONTROL NUMBER IDENTIFIER | |
| control field | Uk |
| 005 - DATE AND TIME OF LATEST TRANSACTION | |
| control field | 20250211143553.0 |
| 020 ## - INTERNATIONAL STANDARD BOOK NUMBER | |
| International Standard Book Number | 1858818249 (pbk.) : |
| Terms of availability | £4.99 |
| 040 ## - CATALOGING SOURCE | |
| Original cataloging agency | Uk |
| Language of cataloging | eng |
| Transcribing agency | Uk |
| 050 ## - LIBRARY OF CONGRESS CALL NUMBER | |
| Classification number | PZ7.S604 |
| 082 04 - DEWEY DECIMAL CLASSIFICATION NUMBER | |
| Classification number | 823.914 |
| Edition number | 22 |
| 100 1# - MAIN ENTRY--PERSONAL NAME | |
| Personal name | Simon, Francesca. |
| 245 10 - TITLE STATEMENT | |
| Title | Horrid Henry and the mummy's curse / |
| Statement of responsibility, etc. | Francesca Simon ; illustrated by Tony Ross. |
| 260 ## - PUBLICATION, DISTRIBUTION, ETC. | |
| Place of publication, distribution, etc. | London : |
| Name of publisher, distributor, etc. | Dolphin, |
| Date of publication, distribution, etc. | 2003. |
| 300 ## - PHYSICAL DESCRIPTION | |
| Extent | 92 pages : |
| Other physical details | illustrations ; |
| Dimensions | 20 cm. |
| 500 ## - GENERAL NOTE | |
| General note | Originally published: London : Orion Children's, 2000. |
| 505 ## - FORMATTED CONTENTS NOTE | |
| Formatted contents note | H |
| 520 ## - SUMMARY, ETC. | |
| Summary, etc. | "Age Level: 7 and up | Grade Level: 2 to 5 Horrid Henry indulges his favorite hobby--collecting Gizmos; has a bad time with his spelling homework; starts a rumor that there's a shark in the swimming pool; and spooks Perfect Peter with the mummy's curse. Francesca Simon is one of the world's best-loved children's authors. She is the only American to have ever won the Galaxy Book Award, and her creation, Horrid Henry, is the #1 bestselling chapter book series in the UK--with a hit TV show and over fifteen million copies sold! Each book contains four easy-to-read stories and hilarious illustrations by the one and only Tony Ross..." - Lexile Website |
| 521 ## - TARGET AUDIENCE NOTE | |
| Target audience note | 510 <br/> |
| Source | Lexile |
| 521 ## - TARGET AUDIENCE NOTE | |
| Target audience note | H <br/> |
| Source | Raz-Plus |
| 650 #0 - SUBJECT ADDED ENTRY--TOPICAL TERM | |
| Topical term or geographic name entry element | Horrid Henry (Fictitious character) |
| Form subdivision | Juvenile fiction. |
| 650 #0 - SUBJECT ADDED ENTRY--TOPICAL TERM | |
| Topical term or geographic name entry element | Boys |
| Form subdivision | Juvenile fiction. |
| 650 #0 - SUBJECT ADDED ENTRY--TOPICAL TERM | |
| Topical term or geographic name entry element | Disorderly conduct |
| Form subdivision | Juvenile fiction. |
| 700 1# - ADDED ENTRY--PERSONAL NAME | |
| Personal name | Ross, Tony. |
| 942 ## - ADDED ENTRY ELEMENTS (KOHA) | |
| Source of classification or shelving scheme | Dewey Decimal Classification |
| Koha item type | Books |
| Suppress in OPAC | No |
| 999 ## - | |
| -- | 1875 |
| -- | 1875 |
| Withdrawn status | Lost status | Source of classification or shelving scheme | Damaged status | Not for loan | Collection | Home library | Current library | Shelving location | Date acquired | Total Checkouts | Full call number | Barcode | Date last seen | Date last checked out | Price effective from | Koha item type | Copy number |
|---|---|---|---|---|---|---|---|---|---|---|---|---|---|---|---|---|---|
| Dewey Decimal Classification | Juvenile Fiction | Footprints International School Library Network Toul Kork Campus | Footprints International School Library Network Toul Kork Campus | TK Primary Library Room(4th Floor), Bookcase 3&4, Shelves 17-32, Yellow Books | 10/06/2023 | 1 | SIM 823.914 PZ7.S604 | FISTKG4A034 | 11/21/2023 | 10/19/2023 | 10/06/2023 | Books | |||||
| Dewey Decimal Classification | Juvenile Fiction | Footprints International School Library Network Toul Kork Campus | Footprints International School Library Network Toul Kork Campus | TTP Primary Yellow Bookshelves | 02/11/2025 | SIM 823.914 PZ7.S604 | 2025-0507 | 02/11/2025 | 02/11/2025 | Books | 2 | ||||||
| Dewey Decimal Classification | Juvenile Fiction | Footprints International School Library Network Toul Kork Campus | Footprints International School Library Network Toul Kork Campus | TTP Primary Yellow Bookshelves | 02/11/2025 | SIM 823.914 PZ7.S604 | 2025-0508 | 02/11/2025 | 02/11/2025 | Books | 3 |
